| 000 | 03099nam a2200301 a 4500 | ||
|---|---|---|---|
| 003 | pa | ||
| 005 | 20260129141952.0 | ||
| 008 | 250515t2017 us a||||r|||| 00| 0 eng d | ||
| 020 | _a978 - 1 - 58510 - 459 - 8 | ||
| 040 |
_cpa _erda |
||
| 041 |
_aeng _beng _feng _heng |
||
| 082 |
_aPA 589.2 _b.K46 2017 |
||
| 100 | 0 |
_aKendrick, Bryce _eautor, _963018 |
|
| 245 |
_aThe Fifth Kingdom : _bAn introduction to Mycology / _cBryce Kendrick |
||
| 250 | _aFourth edition | ||
| 264 |
_aIndianapolis, Indiana : _bFocus, _c2017 |
||
| 300 | _aix, 502 páginas | ||
| 336 |
_2rdacontent _atexto _btxt |
||
| 337 |
_2rdamedia _asin medio _bn |
||
| 338 |
_2rdacarrier _avolumen _bnc |
||
| 504 | _aIncluye referencias bibliográficas e índice. | ||
| 505 | _aPreface -- Introduction -- Kingdoms, Classification, Nomenclature, and Biodiversity -- A Mixed Bag : Protozoan 'Pseudofungi'--Kingdom Protozoa (the So-Called Slime Moulds--Phyla Myxostelida, Dictyostelida, Labyrinthulida, Plasmodiophorida); Pseudofungi--Kingdom Chromista : Phyla Hyphochytriomycota and Oomycota; True Fungi--Kingdom Eumycota : Phylum 1 Chytridiomycota, Phylum 2 Blastocladiomycota, Phylum 3 Neocallimastigomycota -- Eumycotan Fungi--the Mainstream and Others : Phylum 4 Zygomycota, Phylum 5 Glomeromycota, Phylum 6 Microsporidia -- Kingdom Eumycota (True Fungi), Subkingdom Dikarya : Phylum 7 Ascomycota--the Ascomycetes -- Kingdom Eumycota (True Fungi) : Subkingdom Dikarya (Fungi with a Dikaryophase); Phylum 8 Basidiomycota : the Basidiomycetes; Subphyla : Agaricomycotina, Pucciniomycotina, Ustilaginomycotina -- Yeasts--Compact Polyphyletic Extremophile Fungi -- Lichens--Dual (or Even Triple) Extremophile Organisms -- Spore Dispersal in Fungi--Airborne Spores and Allergy -- Fungal Physiology and Metabolism -- Fungal Genetics--Mendelian and Molecular -- Fungal Ecology -- Fungal Diseases of Crops and Trees -- Fungicides--Several Generations--More Needed -- Fungi as Agents of Biological Control -- Fungi Exploiting Microscopic Animals -- Mutualistic Symbioses between Animals and Fungi -- Mycorrhizas--Mutualistic Plant-Fungus Symbioses -- Fungi as Food--Mycophagy -- Fungi in Food Processing -- Food Spoilage by Fungi and How to Prevent It -- Mycotoxins in Food and Feed -- Poisonous and Hallucinogenic Mushrooms -- Medical Mycology -- Commercial Exploitation of Fungal Metabolites and Mycelia -- But How Do You Actually Do Mycology? And How Can You Earn a Living Doing It? -- Glossary -- Sources of Ilustrations -- Index | ||
| 520 | _aEsta nueva edición de El Quinto Reino se ha actualizado para reflejar los avances más recientes en micología, incluyendo la adopción de un nuevo marco taxonómico para los hongos en su conjunto y los últimos avances en genética molecular. Ahora a todo color y con una gran cantidad de nuevas ilustraciones, esta edición también ofrece a los lectores acceso a la extensa colección en línea de fotografías, gráficos y otros recursos visuales de Bryce Kendrick. | ||
| 534 | _pTítulo original: | ||
| 650 | 7 |
_aMicología _975476 |
|
| 650 | 7 |
_aHongos _956084 |
|
| 942 |
_2ddc _cLIBRO |
||
| 999 |
_c220526 _d220526 |
||